Sistem kehakiman Islam : (Record no. 156134)

MARC details
000 -LEADER
fixed length control field 00720nam a2200241 i 4500
001 - CONTROL NUMBER
control field C2-0183049
003 - CONTROL NUMBER IDENTIFIER
control field PPAK
005 - DATE AND TIME OF LATEST TRANSACTION
control field 20180728095533.0
008 - FIXED-LENGTH DATA ELEMENTS--GENERAL INFORMATION
fixed length control field 981103s1995 my |||| ||||| | may d
020 ## - INTERNATIONAL STANDARD BOOK NUMBER
International Standard Book Number 9839619179
040 ## - CATALOGING SOURCE
Original cataloging agency PPAK
Language of cataloging eng
Transcribing agency PPAK
Description conventions rda
082 04 - DEWEY DECIMAL CLASSIFICATION NUMBER
Classification number 279.5
Edition number 23
090 00 - LOCALLY ASSIGNED LC-TYPE CALL NUMBER (OCLC); LOCAL CALL NUMBER (RLIN)
Classification number (OCLC) (R) ; Classification number, CALL (RLIN) (NR) 279.5
Feature heading ABD
Feature heading G
100 0# - MAIN ENTRY--PERSONAL NAME
Personal name Abdul Karim Zaidan, Dr,
Relator term author
245 10 - TITLE STATEMENT
Title Sistem kehakiman Islam :
Remainder of title keputusan hakim, konsep tahkim, wilayah mazalim dan hisbah
264 #1 - PRODUCTION, PUBLICATION, DISTRIBUTION, MANUFACTURE, AND COPYRIGHT NOTICE
Place of production, publication, distribution, manufacture Kuala Lumpur :
Name of producer, publisher, distributor, manufacturer Pustaka Haji Abdul Majid ,
Date of production, publication, distribution, manufacture, or copyright notice 1995
300 ## - PHYSICAL DESCRIPTION
Extent vii, 116 pages ;
Dimensions 22 cm
336 ## - CONTENT TYPE
Source rdacontent
Content type term text
337 ## - MEDIA TYPE
Source rdamedia
Media type term unmediated
338 ## - CARRIER TYPE
Source rdacarrier
Carrier type term volume
650 10 - SUBJECT ADDED ENTRY--TOPICAL TERM
Topical term or geographic name entry element Islam and justice
942 ## - ADDED ENTRY ELEMENTS (KOHA)
-- dc
Koha item type Book
Holdings
Withdrawn Not for loan Current library Shelving location Date acquired Full call number Barcode Date last seen Koha item type
    Perpustakaan Kulim Pinjaman Dewasa 03/11/1998 279.5 ABD A00230061 01/06/2018 Book
    Perpustakaan Yan Pinjaman Dewasa 03/11/1998 279.5 ABD A00230063 01/06/2018 Book
    PD12, Kg. Padang, Baling Pinjaman Dewasa 03/11/1998 279.5 ABD A00230071 01/06/2018 Book
    PD15, Kg. Naga, Kepala Batas Pinjaman Dewasa 03/11/1998 279.5 ABD A00230072 01/06/2018 Book